[Event "LSS SA-2022-0-00793"]
[Site "LSS email"]
[Date "2022.03.09"]
[Round "?"]
[White "Nucci, Luciano"]
[Black "Baltar, Antoni"]
[Result "1/2-1/2"]
[WhiteElo "2090"]
[BlackElo "2077"]
[PlyCount "73"]
[EventDate "2022.02.08"]
[EventType "tourn (corr)"]
[EventRounds "6"]
[EventCountry "GER"]
[SourceTitle "Corr 2024"]
[Source "ChessBase"]
[SourceDate "2023.10.19"]
[SourceVersion "1"]
[SourceVersionDate "2023.10.19"]
[SourceQuality "1"]

1. d4 Nf6 2. c4 e5 3. dxe5 Ng4 4. Bf4 Nc6 5. Nf3 Bb4+ 6. Nbd2 Qe7 7. e3 Ngxe5 8. Nxe5 Nxe5 9. Be2 0-0 10. 0-0 Ng6 11. Bg3 Bd6 12. Bxd6 Qxd6 13. Rc1 Qe5 14. Qc2 d6 15. Nf3 Qe7 16. Nd4 Bd7 17. Rfd1 b6 18. Bf3 Rae8 19. b4 Ne5 20. Be4 c5 21. Nb5 f5 22. Bd5+ Kh8 23. Qd2 Rf6 24. Re1 a6 25. Nc7 Rc8 26. Nxa6 b5 27. a4 bxc4 28. b5 Nd3 29. b6 Bc6 30. Bxc6 Rxc6 31. a5 Nxe1 32. Rxe1 Rf8 33. Rd1 Ra8 34. Qd5 Qb7 35. Nc7 Rxa5 36. Qxf5 h6 37. Qf8+ 1/2-1/2

[Event "LSS SA-2021-0-00784"]
[Site "LSS email"]
[Date "2021.12.24"]
[Round "?"]
[White "Martin, Simone"]
[Black "Nucci, Luciano"]
[Result "1/2-1/2"]
[WhiteElo "2063"]
[BlackElo "2086"]
[PlyCount "63"]
[EventDate "2021.12.12"]
[EventType "tourn (corr)"]
[EventRounds "6"]
[EventCountry "GER"]
[SourceTitle "Corr 2024"]
[Source "ChessBase"]
[SourceDate "2023.10.19"]
[SourceVersion "1"]
[SourceVersionDate "2023.10.19"]
[SourceQuality "1"]

1. e4 e6 2. d4 d5 3. Nc3 Nf6 4. Bg5 dxe4 5. Nxe4 Be7 6. Bxf6 gxf6 7. Nf3 f5 8. Nc3 a6 9. g3 b5 10. Bg2 Bb7 11. 0-0 0-0 12. Ne5 Bxg2 13. Kxg2 b4 14. Na4 Qd5+ 15. Qf3 Qxf3+ 16. Kxf3 f6 17. Nc4 Nc6 18. Rfd1 Rfd8 19. d5 exd5 20. Ne3 d4 21. Nxf5 Bf8 22. Kg2 Rd5 23. Nh4 Rad8 24. Nf3 Ne5 25. b3 d3 26. Nxe5 fxe5 27. Rd2 dxc2 28. Rxc2 Rd2 29. Rac1 e4 30. Nb2 e3 31. Nc4 Rxf2+ 32. Rxf2 1/2-1/2

[Event "LSS SA-2021-0-00784"]
[Site "LSS email"]
[Date "2021.12.24"]
[Round "?"]
[White "Nowak, Ireneusz"]
[Black "Nucci, Luciano"]
[Result "1/2-1/2"]
[WhiteElo "2043"]
[BlackElo "2086"]
[PlyCount "54"]
[EventDate "2021.12.12"]
[EventType "tourn (corr)"]
[EventRounds "6"]
[EventCountry "GER"]
[SourceTitle "Corr 2024"]
[Source "ChessBase"]
[SourceDate "2023.10.19"]
[SourceVersion "1"]
[SourceVersionDate "2023.10.19"]
[SourceQuality "1"]

1. e4 e6 2. d4 d5 3. Nc3 Nf6 4. Bg5 dxe4 5. Nxe4 Be7 6. Bxf6 gxf6 7. Nf3 f5 8. Nc3 a6 9. g3 b5 10. Bg2 Bb7 11. 0-0 0-0 12. Ne5 Bxg2 13. Kxg2 b4 14. Na4 Qd5+ 15. Qf3 Qxf3+ 16. Nxf3 Nc6 17. Rac1 Rfd8 18. Rfd1 Rab8 19. Rd2 Bf6 20. Rcd1 Rb5 21. c4 bxc3 22. Nxc3 Ra5 23. a3 Bg7 24. Rd3 Kf8 25. h3 Ne7 26. Ne5 Bxe5 27. dxe5 Rxd3 1/2-1/2

[Event "LSS No Engine Cup 223 Preliminary 0"]
[Site "LSS email"]
[Date "2021.11.19"]
[Round "?"]
[White "Oliveira, Luiz"]
[Black "Nucci, Luciano"]
[Result "0-1"]
[WhiteElo "1928"]
[BlackElo "2136"]
[PlyCount "94"]
[EventDate "2021.11.19"]
[EventType "tourn (corr)"]
[EventRounds "6"]
[EventCountry "GER"]
[SourceTitle "Corr 2024"]
[Source "ChessBase"]
[SourceDate "2023.10.19"]
[SourceVersion "1"]
[SourceVersionDate "2023.10.19"]
[SourceQuality "1"]

1. e4 e6 2. d4 d5 3. Nd2 Nf6 4. e5 Nfd7 5. Bd3 c5 6. c3 Nc6 7. Ngf3 a6 8. 0-0 cxd4 9. cxd4 Be7 10. a3 b5 11. b4 Nb6 12. Nb3 Nc4 13. Nc5 a5 14. Bd2 0-0 15. Qc2 h6 16. Rfb1 Bd7 17. h3 Be8 18. Qc1 Bxc5 19. bxc5 f6 20. a4 b4 21. Bxc4 dxc4 22. Qxc4 fxe5 23. Be3 exd4 24. Nxd4 Nxd4 25. Bxd4 Qd5 26. Qxd5 exd5 27. Be5 Bc6 28. Rb3 Rae8 29. f4 Re6 30. Rg3 Rf7 31. Re3 d4 32. Rg3 Rd7 33. Kf2 Kh7 34. Rd3 Rd5 35. Bd6 Re4 36. g4 Kg8 37. f5 h5 38. Kg3 Kf7 39. Ra2 Re3+ 40. Rxe3 dxe3 41. Re2 b3 42. Rxe3 b2 43. Re7+ Kg8 44. Re1 Rd3+ 45. Kh4 hxg4 46. hxg4 Be4 47. Be5 Re3 0-1

[Event "LSS SA-2021-0-00776"]
[Site "LSS email"]
[Date "2021.10.28"]
[Round "?"]
[White "Chronopoulos, Antonios"]
[Black "Nucci, Luciano"]
[Result "1/2-1/2"]
[WhiteElo "2006"]
[BlackElo "2105"]
[PlyCount "126"]
[EventDate "2021.09.29"]
[EventType "tourn (corr)"]
[EventRounds "6"]
[EventCountry "GER"]
[SourceTitle "Corr 2024"]
[Source "ChessBase"]
[SourceDate "2023.10.19"]
[SourceVersion "1"]
[SourceVersionDate "2023.10.19"]
[SourceQuality "1"]

1. Nf3 d5 2. d4 e6 3. c4 dxc4 4. e3 a6 5. Bxc4 c5 6. 0-0 b5 7. Be2 cxd4 8. a4 b4 9. Qxd4 Nd7 10. Ne5 Qc7 11. Nxd7 Bxd7 12. Nd2 Nf6 13. b3 Bc6 14. Rd1 Be7 15. Bb2 0-0 16. Rac1 Qb7 17. Qe5 Rac8 18. Qg3 Rfd8 19. Nc4 Rxd1+ 20. Rxd1 Ne8 21. Na5 Qb6 22. Nxc6 Qxc6 23. h3 h6 24. Qf4 Nf6 25. Qe5 Qb6 26. Bd4 Qb7 27. Bd3 Bf8 28. Qa5 Rc6 29. Bxf6 gxf6 30. Bc4 Kg7 31. Rd4 Be7 32. Rg4+ Kh7 33. Qh5 Bf8 34. Rd4 Qc7 35. Qd1 Bd6 36. g3 a5 37. Qd3+ Kh8 38. Kg2 f5 39. e4 fxe4 40. Qxe4 Be5 41. Rd3 Rc5 42. Bb5 Rd5 43. Rxd5 exd5 44. Qxd5 Kg8 45. Bc4 Kg7 46. h4 Bf6 47. Kf1 Be5 48. f4 Bc3 49. Kg2 Bf6 50. Kf3 Kf8 51. Kg4 Kg7 52. Kh3 Bb2 53. Bd3 Qc8+ 54. Kh2 Qc7 55. Qf5 Qd6 56. Qg4+ Kf8 57. Qc8+ Kg7 58. Qg4+ Kf8 59. Qc8+ Kg7 60. Qf5 Kf8 61. Kg2 Bc3 62. Bc4 Qc6+ 63. Kh2 Qc7 1/2-1/2

[Event "LSS SA-2021-0-00776"]
[Site "LSS email"]
[Date "2021.10.28"]
[Round "?"]
[White "Nucci, Luciano"]
[Black "Kolanek, Roman"]
[Result "1/2-1/2"]
[WhiteElo "2105"]
[BlackElo "2126"]
[PlyCount "64"]
[EventDate "2021.09.29"]
[EventType "tourn (corr)"]
[EventRounds "6"]
[EventCountry "GER"]
[SourceTitle "Corr 2024"]
[Source "ChessBase"]
[SourceDate "2023.10.19"]
[SourceVersion "1"]
[SourceVersionDate "2023.10.19"]
[SourceQuality "1"]

1. d4 Nf6 2. c4 e6 3. Nf3 d5 4. g3 Bb4+ 5. Nbd2 dxc4 6. Qc2 b5 7. a4 c6 8. Bg2 Bb7 9. 0-0 0-0 10. e4 h6 11. e5 Nd5 12. Ne4 Be7 13. Bd2 Nd7 14. g4 c5 15. axb5 Nb4 16. Bxb4 cxb4 17. h4 Nb6 18. g5 b3 19. Qe2 hxg5 20. Nfxg5 Bxe4 21. Qxe4 Bxg5 22. hxg5 Qxg5 23. f4 Qh4 24. Rf3 Qg4 25. Rh3 f5 26. Qe1 Qxf4 27. Bxa8 Qxd4+ 28. Qf2 Qxf2+ 29. Kxf2 Rxa8 30. Rhh1 Nd7 31. Ke3 Nxe5 32. Ra6 Rd8 1/2-1/2

[Event "LSS SA-2021-0-00762"]
[Site "LSS email"]
[Date "2021.06.20"]
[Round "?"]
[White "Kazimierski, Tomasz"]
[Black "Nucci, Luciano"]
[Result "1/2-1/2"]
[WhiteElo "2047"]
[BlackElo "2078"]
[PlyCount "74"]
[EventDate "2021.05.23"]
[EventType "tourn (corr)"]
[EventRounds "6"]
[EventCountry "GER"]
[SourceTitle "Corr 2024"]
[Source "ChessBase"]
[SourceDate "2023.10.19"]
[SourceVersion "1"]
[SourceVersionDate "2023.10.19"]
[SourceQuality "1"]

1. d4 d5 2. c4 dxc4 3. e4 Nf6 4. e5 Nd5 5. Bxc4 Nb6 6. Bd3 Nc6 7. Ne2 Bg4 8. Be3 e6 9. Nbc3 Nb4 10. Be4 c6 11. Rc1 N4d5 12. 0-0 Be7 13. Qd3 Qd7 14. h3 Bh5 15. a3 0-0-0 16. Nxd5 Nxd5 17. b4 Kb8 18. Bd2 Nb6 19. Bf4 Nd5 20. Bh2 g5 21. Ng3 Nf4 22. Qc2 Bg6 23. Bxg6 hxg6 24. Rfd1 g4 25. Ne4 Nd5 26. hxg4 Rh6 27. Bg3 Rdh8 28. Kf1 Rh1+ 29. Ke2 Rxd1 30. Qxd1 Qd8 31. Qd3 a6 32. Rb1 Qc7 33. g5 Qb6 34. Kf3 Qd8 35. Nf6 Ka8 36. Re1 Kb8 37. Rc1 Ka8 1/2-1/2

[Event "LSS SA-2021-0-00756"]
[Site "LSS email"]
[Date "2021.04.26"]
[Round "?"]
[White "Puntus, Vladimir"]
[Black "Nucci, Luciano"]
[Result "1/2-1/2"]
[WhiteElo "2144"]
[BlackElo "2052"]
[PlyCount "86"]
[EventDate "2021.03.10"]
[EventType "tourn (corr)"]
[EventRounds "6"]
[EventCountry "GER"]
[SourceTitle "Corr 2024"]
[Source "ChessBase"]
[SourceDate "2023.10.19"]
[SourceVersion "1"]
[SourceVersionDate "2023.10.19"]
[SourceQuality "1"]

1. Nf3 d5 2. d4 e6 3. c4 dxc4 4. e3 Nf6 5. Bxc4 a6 6. 0-0 b5 7. Bd3 Bb7 8. a4 b4 9. Nbd2 c5 10. Qe2 cxd4 11. exd4 Be7 12. Rd1 0-0 13. a5 Nc6 14. Nb3 h6 15. Be3 Nd5 16. Nfd2 Nxe3 17. fxe3 Nb8 18. Kh1 Ra7 19. e4 Ba8 20. Nf3 Rc7 21. Rf1 Bb7 22. Rad1 Qc8 23. h3 Nd7 24. Rf2 Nf6 25. Kg1 Nd7 26. Kh1 Qa8 27. Rdf1 Qc8 28. Bb1 Qd8 29. Kg1 e5 30. d5 Nc5 31. Nfd2 Bc8 32. Rf3 Nxb3 33. Nxb3 f5 34. exf5 Qxd5 35. Rd1 Qc6 36. Be4 Qf6 37. Nd2 Rd8 38. Bd3 Bb7 39. Ne4 Bxe4 40. Bxe4 Rd4 41. Rdf1 Qd6 42. f6 Bxf6 43. Kh1 Rd2 1/2-1/2

[Event "LSS SA-2021-0-00756"]
[Site "LSS email"]
[Date "2021.04.25"]
[Round "?"]
[White "Nucci, Luciano"]
[Black "Cleto Junior, Dirceu"]
[Result "1/2-1/2"]
[WhiteElo "2052"]
[BlackElo "2078"]
[PlyCount "42"]
[EventDate "2021.03.10"]
[EventType "tourn (corr)"]
[EventRounds "6"]
[EventCountry "GER"]
[SourceTitle "Corr 2024"]
[Source "ChessBase"]
[SourceDate "2023.10.19"]
[SourceVersion "1"]
[SourceVersionDate "2023.10.19"]
[SourceQuality "1"]

1. d4 Nf6 2. c4 g6 3. Nc3 Bg7 4. e4 d6 5. f3 0-0 6. Nge2 c5 7. d5 e6 8. Ng3 exd5 9. cxd5 h5 10. Bg5 a6 11. a4 Qc7 12. Qd2 Nh7 13. Bh6 h4 14. Bxg7 Kxg7 15. Bc4 hxg3 16. hxg3 Rh8 17. e5 Qe7 18. e6 Nd7 19. 0-0-0 Ndf8 20. Ne4 b5 21. Qc3+ Kg8 1/2-1/2

[Event "LSS SA-2021-0-00752"]
[Site "LSS email"]
[Date "2021.03.01"]
[Round "?"]
[White "Nucci, Luciano"]
[Black "Kazimierski, Tomasz"]
[Result "1/2-1/2"]
[WhiteElo "2047"]
[BlackElo "2009"]
[PlyCount "51"]
[EventDate "2021.01.24"]
[EventType "tourn (corr)"]
[EventRounds "6"]
[EventCountry "GER"]
[SourceTitle "Corr 2024"]
[Source "ChessBase"]
[SourceDate "2023.10.19"]
[SourceVersion "1"]
[SourceVersionDate "2023.10.19"]
[SourceQuality "1"]

1. d4 d5 2. Bf4 Bf5 3. e3 Nd7 4. c4 Ngf6 5. Nc3 e6 6. Qb3 dxc4 7. Bxc4 Nb6 8. Nf3 Nxc4 9. Qxc4 c6 10. 0-0 Be7 11. Rfe1 0-0 12. e4 Bg6 13. Rad1 Rc8 14. Qe2 Bb4 15. Bg5 Qc7 16. Ne5 Nd7 17. Qc4 Bxc3 18. Qxc3 f6 19. Nxg6 hxg6 20. Be3 Rfd8 21. Qb3 Nf8 22. d5 cxd5 23. exd5 Rxd5 24. Rxd5 exd5 25. Qxd5+ Kh7 26. Rd1 1/2-1/2

[Event "LSS SA-2021-0-00747"]
[Site "LSS email"]
[Date "2021.01.06"]
[Round "?"]
[White "Costa, Fabrizio"]
[Black "Nucci, Luciano"]
[Result "1/2-1/2"]
[WhiteElo "2082"]
[BlackElo "2027"]
[PlyCount "55"]
[EventDate "2020.12.20"]
[EventType "tourn (corr)"]
[EventRounds "6"]
[EventCountry "GER"]
[SourceTitle "Corr 2024"]
[Source "ChessBase"]
[SourceDate "2023.10.19"]
[SourceVersion "1"]
[SourceVersionDate "2023.10.19"]
[SourceQuality "1"]

1. d4 d5 2. c4 dxc4 3. e3 Nf6 4. Nf3 e6 5. Bxc4 a6 6. 0-0 b5 7. Be2 Bb7 8. Nc3 Nbd7 9. b3 c5 10. Bb2 Be7 11. dxc5 Bxc5 12. Rc1 Rc8 13. a3 0-0 14. b4 Be7 15. a4 a5 16. Nxb5 Rxc1 17. Qxc1 axb4 18. Qd2 Qa5 19. Rc1 Qxa4 20. Rc7 Ba6 21. Rc1 Bxb5 22. Ra1 Ne4 23. Rxa4 Nxd2 24. Bxb5 Nxf3+ 25. gxf3 Nf6 26. Ra7 Rb8 27. Ba4 Bc5 28. Ra5 1/2-1/2

[Event "LSS SA-2020-0-00743"]
[Site "LSS email"]
[Date "2020.12.13"]
[Round "?"]
[White "Nucci, Luciano"]
[Black "Gauna, Jose"]
[Result "1/2-1/2"]
[WhiteElo "2027"]
[BlackElo "2108"]
[PlyCount "83"]
[EventDate "2020.10.28"]
[EventType "tourn (corr)"]
[EventRounds "6"]
[EventCountry "GER"]
[SourceTitle "Corr 2024"]
[Source "ChessBase"]
[SourceDate "2023.10.19"]
[SourceVersion "1"]
[SourceVersionDate "2023.10.19"]
[SourceQuality "1"]

1. d4 Nf6 2. Bf4 g6 3. Nf3 Bg7 4. e3 0-0 5. Be2 c5 6. c3 d6 7. h3 Qb6 8. Qb3 Be6 9. Qxb6 axb6 10. a3 cxd4 11. exd4 Nd5 12. Bh2 Bd7 13. 0-0 b5 14. Nbd2 Rc8 15. Rfe1 Bc6 16. Rab1 Nd7 17. Bd3 N7b6 18. Nf1 Bh6 19. Ne3 f6 20. Nxd5 Nxd5 21. Rbd1 Kf8 22. Be4 Rd8 23. Re2 e5 24. Rde1 Re8 25. h4 Rad8 26. g4 Nf4 27. Bxf4 Bxf4 28. Bxc6 bxc6 29. g5 Kg7 30. gxf6+ Kxf6 31. Kg2 h6 32. dxe5+ dxe5 33. Re4 Re6 34. a4 bxa4 35. Rxa4 g5 36. hxg5+ hxg5 37. Re2 Rh8 38. Nd2 Rh2+ 39. Kg1 Rh4 40. Ra5 Re7 41. Kg2 Rh2+ 42. Kg1 1/2-1/2

[Event "LSS No Engine Cup 210 Preliminary 0"]
[Site "LSS email"]
[Date "2020.11.23"]
[Round "?"]
[White "Vicoli, Giordano"]
[Black "Nucci, Luciano"]
[Result "1/2-1/2"]
[WhiteElo "1600"]
[BlackElo "2137"]
[PlyCount "36"]
[EventDate "2020.11.23"]
[EventType "tourn (corr)"]
[EventRounds "6"]
[EventCountry "GER"]
[SourceTitle "Corr 2022"]
[Source "ChessBase"]
[SourceDate "2021.10.24"]
[SourceVersion "1"]
[SourceVersionDate "2021.10.24"]
[SourceQuality "1"]

1. d4 d5 2. c4 c6 3. Nf3 Nf6 4. Nc3 e6 5. Bg5 h6 6. Bxf6 Qxf6 7. e3 Nd7 8. Bd3 dxc4 9. Bxc4 g6 10. 0-0 Bg7 11. Rc1 0-0 12. e4 e5 13. d5 Nb6 14. dxc6 bxc6 15. Be2 Rd8 16. Qc2 Rb8 17. Nd1 Bb7 18. Ne3 c5 1/2-1/2

[Event "LSS SA-2020-0-00738"]
[Site "LSS email"]
[Date "2020.10.11"]
[Round "?"]
[White "Pilgram, Kurt"]
[Black "Nucci, Luciano"]
[Result "1/2-1/2"]
[WhiteElo "2174"]
[BlackElo "2030"]
[PlyCount "78"]
[EventDate "2020.09.17"]
[EventType "tourn (corr)"]
[EventRounds "6"]
[EventCountry "GER"]
[SourceTitle "Corr 2024"]
[Source "ChessBase"]
[SourceDate "2023.10.19"]
[SourceVersion "1"]
[SourceVersionDate "2023.10.19"]
[SourceQuality "1"]

1. Nf3 d5 2. d4 Nf6 3. c4 c6 4. Nc3 e6 5. Bg5 h6 6. Bxf6 Qxf6 7. e3 Nd7 8. Be2 dxc4 9. 0-0 g6 10. Ne4 Qe7 11. Ne5 Bg7 12. f4 Nb6 13. Qe1 0-0 14. Rc1 Kh7 15. Qg3 Bd7 16. h4 Be8 17. h5 gxh5 18. Bxh5 Rd8 19. Kf2 f6 20. Ng6 Bxg6 21. Bxg6+ Kg8 22. f5 Rd5 23. Rce1 exf5 24. Nc3 Ra5 25. Qf4 Rd8 26. Kg1 Nc8 27. Bxf5 Nd6 28. e4 Kh8 29. Re3 Nf7 30. Ne2 Ng5 31. b3 Rxa2 32. bxc4 a5 33. Rd1 Qf7 34. c5 Bf8 35. Qf1 a4 36. Nf4 Rb2 37. Bg6 Qg7 38. Bf5 Qf7 39. Bg6 Qd7 1/2-1/2

[Event "LSS SA-2020-0-00738"]
[Site "LSS email"]
[Date "2020.10.10"]
[Round "?"]
[White "Nucci, Luciano"]
[Black "Zholob, Anatolij"]
[Result "1-0"]
[WhiteElo "2030"]
[BlackElo "2052"]
[PlyCount "85"]
[EventDate "2020.09.17"]
[EventType "tourn (corr)"]
[EventRounds "6"]
[EventCountry "GER"]
[SourceTitle "Corr 2024"]
[Source "ChessBase"]
[SourceDate "2023.10.19"]
[SourceVersion "1"]
[SourceVersionDate "2023.10.19"]
[SourceQuality "1"]

1. d4 Nf6 2. Nf3 e6 3. e3 d5 4. c4 b6 5. Nc3 Bd6 6. cxd5 exd5 7. Bd3 0-0 8. 0-0 Re8 9. b3 Bg4 10. Bb2 c6 11. h3 Bh5 12. Rc1 Nbd7 13. Re1 Ne4 14. Be2 Nxc3 15. Bxc3 Rc8 16. Bb2 h6 17. Rc2 Re6 18. Bd3 Qe7 19. Qe2 Rf6 20. g4 Bg6 21. Nh4 Bxd3 22. Qxd3 g6 23. Kg2 Re8 24. Nf3 h5 25. gxh5 gxh5 26. Rxc6 Rg6+ 27. Kf1 Rd8 28. e4 Nb8 29. exd5 Qf6 30. Rcc1 Nd7 31. Ne5 Rg5 32. Re3 Qf5 33. Qxf5 Rxf5 34. Nc6 Ra8 35. Re5 Bxe5 36. Ne7+ Kh7 37. Nxf5 Bf4 38. Rc6 Rd8 39. d6 Kg6 40. Ne7+ Kf6 41. Ke2 Nb8 42. d5+ Kg5 43. h4+ 1-0